[Event "Xabia Region-ch Preferente"]
[Site "Xabia"]
[Date "2015.11.21"]
[Round "7.1"]
[White "Terrades Dalmau, Antonio J"]
[Black "Gonzalez Rodriguez, Manuel I"]
[Result "0-1"]
[WhiteElo "1814"]
[BlackElo "1954"]
[PlyCount "97"]
[EventDate "2015.10.03"]
[EventType "swiss"]
[EventRounds "7"]
[EventCountry "ESP"]
[SourceTitle "EXT 2024"]
[Source "ChessBase"]
[SourceDate "2023.10.10"]
[SourceVersion "1"]
[SourceVersionDate "2023.10.10"]
[SourceQuality "1"]

1. e4 c5 2. Nf3 d6 3. d4 cxd4 4. Nxd4 Nf6 5. Nc3 a6 6. Be2 e6 7. Be3 b5 8. a3 Bb7 9. f3 Be7 10. Qd2 0-0 11. g4 Nfd7 12. g5 Ne5 13. h4 Nbc6 14. Nxc6 Bxc6 15. h5 f5 16. Rg1 fxe4 17. fxe4 a5 18. g6 hxg6 19. h6 Bh4+ 20. Kd1 b4 21. hxg7 Rf7 22. axb4 axb4 23. Rxa8 Bxa8 24. Nb1 Bxe4 25. Qxb4 Ba8 26. Qb3 Bd5 27. c4 Be4 28. Nd2 Bc6 29. Bd4 Qa8 30. Qc3 Qa1+ 31. Kc2 Qa4+ 32. b3 Qa2+ 33. Qb2 Qxb2+ 34. Kxb2 Bf6 35. Kc2 Kxg7 36. Bxe5 Bxe5 37. Kd3 Rf2 38. Bh5 Be8 39. b4 Bf4 40. Ne4 Rh2 41. Bg4 d5 42. cxd5 exd5 43. Nc5 Rd2+ 44. Kc3 Kh6 45. Nd3 Be3 46. Rd1 Rg2 47. Bf3 d4+ 48. Kc4 Rc2+ 49. Kb3 0-1

[Event "Xabia Region-ch Preferente"]
[Site "Xabia"]
[Date "2015.10.31"]
[Round "4.1"]
[White "Gonzalez Rodriguez, Manuel I"]
[Black "Martin Diez, Santiago"]
[Result "1-0"]
[WhiteElo "1954"]
[BlackElo "1750"]
[PlyCount "105"]
[EventDate "2015.10.03"]
[EventType "swiss"]
[EventRounds "7"]
[EventCountry "ESP"]
[SourceTitle "EXT 2024"]
[Source "ChessBase"]
[SourceDate "2023.10.10"]
[SourceVersion "1"]
[SourceVersionDate "2023.10.10"]
[SourceQuality "1"]

1. d4 Nf6 2. Nf3 g6 3. c4 Bg7 4. Nc3 0-0 5. e4 d6 6. h3 Nbd7 7. Be3 e5 8. d5 a6 9. Be2 Nh5 10. g3 Nhf6 11. g4 b6 12. Nd2 Nb8 13. g5 Ne8 14. Nf1 f5 15. h4 f4 16. Bd2 Bh8 17. Nh2 Ng7 18. Ng4 Bxg4 19. Bxg4 Re8 20. Qf3 Nd7 21. Qh3 Nf8 22. 0-0-0 Rb8 23. h5 Qxg5 24. Rdg1 Qh6 25. Qf3 g5 26. Rh2 Re7 27. Rhg2 Ne8 28. Qd1 Rg7 29. Qa4 a5 30. Qc6 Nf6 31. Be6+ Nxe6 32. dxe6 Kf8 33. e7+ Rxe7 34. Rxg5 Bg7 35. f3 Rf7 36. Nb5 Nxh5 37. Rf5 Rxf5 38. exf5 Qf6 39. Qxc7 Qd8 40. Qxd6+ Qxd6 41. Nxd6 Ke7 42. Ne4 h6 43. Kc2 Rc8 44. b3 Bf8 45. Rg6 Rb8 46. Bc3 Bg7 47. Re6+ Kf7 48. Nd6+ Kf8 49. Ne4 Kf7 50. Kd3 Rd8+ 51. Kc2 Rc8 52. Nd6+ Kg8 53. Nxc8 1-0

[Event "Xabia Region-ch Preferente"]
[Site "Xabia"]
[Date "2015.10.03"]
[Round "1.1"]
[White "Cervera Tur, Enrique"]
[Black "Gonzalez Rodriguez, Manuel I"]
[Result "0-1"]
[WhiteElo "1678"]
[BlackElo "1954"]
[PlyCount "68"]
[EventDate "2015.10.03"]
[EventType "swiss"]
[EventRounds "7"]
[EventCountry "ESP"]
[SourceTitle "EXT 2024"]
[Source "ChessBase"]
[SourceDate "2023.10.10"]
[SourceVersion "1"]
[SourceVersionDate "2023.10.10"]
[SourceQuality "1"]

1. e4 c5 2. Nc3 d6 3. g3 g6 4. Bg2 Bg7 5. Nge2 Nc6 6. 0-0 h5 7. d3 Bg4 8. f3 Bd7 9. Be3 Nd4 10. Rb1 Rc8 11. b4 b6 12. bxc5 dxc5 13. Bxd4 cxd4 14. Nb5 h4 15. Nbxd4 hxg3 16. hxg3 Qc7 17. c3 Qc5 18. Rf2 Qh5 19. Qb3 Rc5 20. Qa3 Ra5 21. Qb3 e5 22. Nc2 Rb5 23. Nb4 Ne7 24. c4 Rc5 25. Na6 Rc8 26. Qb4 Bf8 27. Qd2 Bh6 28. f4 Nc6 29. Nb4 Nxb4 30. Rxb4 Bf8 31. Rb2 Bc5 32. d4 exd4 33. Nxd4 Rd8 34. Qc3 Qd1+ 0-1

[Event "Xabia Region-ch Preferente"]
[Site "Xabia"]
[Date "2013.11.23"]
[Round "7"]
[White "Terrades Dalmau, Antonio J"]
[Black "Gonzalez Rodriguez, Manuel I"]
[Result "0-1"]
[WhiteElo "1863"]
[BlackElo "1917"]
[PlyCount "72"]
[EventDate "2013.10.05"]
[EventType "swiss"]
[EventRounds "7"]
[EventCountry "ESP"]
[SourceTitle "EXT 2024"]
[Source "ChessBase"]
[SourceDate "2023.10.10"]
[SourceVersion "1"]
[SourceVersionDate "2023.10.10"]
[SourceQuality "1"]

1. e4 g6 2. d4 Bg7 3. Nf3 c5 4. c4 Nc6 5. Be3 Qb6 6. Nc3 Nf6 7. Na4 Qc7 8. Bd3 Ng4 9. Nxc5 Nxe3 10. fxe3 d6 11. Nb3 0-0 12. Rc1 b6 13. 0-0 Bh6 14. Qe2 e5 15. d5 Nb4 16. Bb1 a5 17. a3 Na6 18. Nbd2 Bd7 19. Bc2 a4 20. Rfe1 Nc5 21. Ra1 Ra7 22. b4 axb3 23. Nxb3 Rfa8 24. Nxc5 Qxc5 25. a4 Bxa4 26. Kf2 Bxc2 27. Rxa7 Rxa7 28. Qxc2 b5 29. Qb3 Ra3 30. Qxb5 Bxe3+ 31. Kf1 Qa7 32. Rb1 Kg7 33. Rb3 Ra2 34. Rb2 Qa3 35. Rxa2 Qxa2 36. Ke1 Qxg2 0-1